<?xml version="1.0" encoding="UTF-8"?>
<collection xmlns="http://www.loc.gov/MARC21/slim">
 <record>
  <leader>00525nam a22001575a 4500</leader>
  <controlfield tag="001">EHU.bham004352</controlfield>
  <controlfield tag="003">AR-BHAM</controlfield>
  <controlfield tag="005">20080215124814.0</controlfield>
  <controlfield tag="008">130507s1969##################000#0#####d</controlfield>
  <datafield tag="082" ind1="5" ind2="7">
   <subfield code="a">571</subfield>
  </datafield>
  <datafield tag="100" ind1="1" ind2=" ">
   <subfield code="a">Schobinger, Juan</subfield>
  </datafield>
  <datafield tag="245" ind1="1" ind2="0">
   <subfield code="a">Nociones de arqueologia prehistorica :</subfield>
   <subfield code="b">guia del museo arqueologico de la universidad nac. de cuyo /</subfield>
   <subfield code="c">Juan Schobinger.</subfield>
  </datafield>
  <datafield tag="260" ind1=" " ind2=" ">
   <subfield code="a">Mendoza :</subfield>
   <subfield code="b">Univ. Nac. De Cuyo,</subfield>
   <subfield code="c">1969</subfield>
  </datafield>
  <datafield tag="300" ind1=" " ind2=" ">
   <subfield code="a">59 p.</subfield>
  </datafield>
  <datafield tag="653" ind1=" " ind2=" ">
   <subfield code="a">Arqueologia</subfield>
  </datafield>
  <datafield tag="859" ind1=" " ind2=" ">
   <subfield code="a">AR-BHAM</subfield>
   <subfield code="b">BIB. HUMANIDADES - General</subfield>
   <subfield code="h">571</subfield>
   <subfield code="i">Sch61-1</subfield>
   <subfield code="p">74.70</subfield>
   <subfield code="t">Ej.1</subfield>
  </datafield>
 </record>
</collection>
